| 000 | 01345cam a22003737a 4500 | ||
|---|---|---|---|
| 003 | CHAP | ||
| 005 | 20220329141500.0 | ||
| 008 | 971013s1989 r 00010 d | ||
| 010 | _a68854 | ||
| 011 | _a69826 | ||
| 035 | _a79304 | ||
| 040 | _cCHAP | ||
| 090 | _aTesis | ||
| 100 | 0 | 0 |
_aAyala Ocampo, José Manuel. _98960 |
| 245 | 0 | _aEvaluación del grado de susceptibilidad de 12 genotipos de sorgo (Sorghum bicolor L. Moench) a la clorosis férrica y su relación con la absorción de N-nitratos | |
| 260 |
_aMontecillo, Méx. : _bEl autor, _c1989 |
||
| 300 |
_a95 h. _b; gráfs. |
||
| 502 | _aTesis (Maestro en Ciencias Esp. en Edafología) -- CP. Centro de Edafología | ||
| 590 |
_aALEPH _b10 _c20130110 _lUCH01 _h1406 |
||
| 590 |
_aBATCH-UPD _b10 _c20130110 _lUCH01 _h0347 |
||
| 590 |
_aBATCH-UPD _b10 _c20130110 _lUCH01 _h1755 |
||
| 590 |
_aBATCH-UPD _b10 _c20130410 _lUCH01 _h0020 |
||
| 590 |
_aBATCH-UPD _b10 _c20130914 _lUCH01 _h0500 |
||
| 590 |
_aCONVERSION _b10 _c20130109 _lUCH01 _h1338 |
||
| 650 | 1 | 4 |
_aClorosis. _923902 |
| 650 | 1 | 4 |
_aNitratos. _981393 |
| 650 | 1 | 4 |
_aPlantas _xDeficiencias nutritivas. _988812 |
| 650 | 1 | 4 |
_aSorgo dulce. _9108744 |
| 650 | 1 | 4 |
_aSorgo _xEnfermedades. _9108662 |
| 901 | _aBK | ||
| 942 | _cFOLL | ||
| 949 |
_bBC _cTES _d-32191 _eTS1 _h22303 _i79304 _si |
||
| 949 |
_bBC _cTES _d-96908 _eTS2 _fc.2 _h22304 _i79304 _si |
||
| 999 |
_c68854 _d68854 |
||